History Quiz

Random History Quiz

Periods of Graphic Style Quiz Stats

 Plays Quiz not verified by Sporcle

Also try: 'H' in History
Challenge
Share
Tweet
Embed
Score 0/11 Timer 05:00
0 Plays Today
% Correct
Post Modern
84.6%
Modern
76.9%
Art Nouveau
46.2%
Art Deco
46.2%
Victorian
23.1%
Arts and Crafts
23.1%
Early Modern
7.7%
Expressionism
7.7%
Dada
7.7%
Heroic Realism
7.7%
Late Modern
7.7%

You're not logged in!

Compare scores with friends on all Sporcle quizzes.
OR
Log In

You Might Also Like...

Show Comments

Extras

Created May 16, 2010ReportNominate
Tags:graphic, period, style

Top Quizzes Today


Score Distribution

Your Account Isn't Verified!

In order to create a playlist on Sporcle, you need to verify the email address you used during registration. Go to your Sporcle Settings to finish the process.

Report this User

Report this user for behavior that violates our Community Guidelines.

Details: